000 00782nam a2200229 i 4500
001 bgj
100 1 _aWEIR, Cyril J.
245 1 0 _aCommunicative language testing /
_cCyril J. Weir.
260 _aNew York :
_bPrentice Hall,
_ccop. 1990
_aLondon.
300 _aVIII, 218 pp :
_bdraw. ;
_c24 cm.
490 1 _aLanguage teaching methodology series / [ed.by] Christopher N. Candlin
504 _aBibliography.
650 9 _aEnglish language
_xStudy and teaching
_xForeign speakers
650 9 _aEnglish language
_xAbility testing
830 0 _aLanguage teaching methodology series ([ed.by] Christopher N. Candlin)
020 _a0131552848 (pbk)
040 _cBPK
041 0 _aeng
920 _a0-13-155284-8 (pbk)
942 _cKS
008 s uk f |000 0 eng
999 _c41414
_d41414
856 _uhttp://koha.tu.koszalin.pl/cgi-bin/koha/opac-detail.pl?biblionumber=41414
_yKatalog online BPK